000 00503nam a22001577a 4500
999 _c18704
_d18704
003 OSt
005 20240122083738.0
008 240122b ||||| |||| 00| 0 eng d
040 _c0
082 _aDPer 621.317 Ie21 June 2022 v.37 n. 6
245 _aIEEE Transactions on Power Electronics /
260 _aNew York;
_bThe Institute of Electrical and Electronics Engineers, Inc.,
_cJune 2022.
300 _avarious paging :
_billustrations ;
_c30 cm.
650 _aElectronics.
_950746
942 _2ddc
_cPER